000 01033cam a22002895i 4500
001 18074790
003 EG-ScBUE
005 20230220043828.0
008 140320s2015 maua f b 001 0 eng d
020 _a9780415854115 (pbk)
040 _aDLC
_beng
_erda
_cDLC
_dDLC
_dEG-ScBUE
082 0 4 _a778.53
_bBRO
_222
100 1 _aBrown, Blain,
_eauthor.
_938202
245 1 4 _aThe filmmaker's guide to digital imaging :
_bfor cinematographers, digital imaging technicians, and camera assistants /
_cBlain Brown.
264 1 _aBurlington, MA ;
_aAbingdon, Oxon :
_bFocal Press / Taylor & Francis Group,
_c2015.
300 _axiv, 295 pages :
_bcolor illustrations ;
_c27 cm
336 _2rdacontent
_atext
_btxt
337 _2rdamedia
_aunmediated
_bn
338 _2rdacarrier
_avolume
_bnc
504 _aIncludes bibliographical references and index.
590 _aSara elBakry
650 7 _aDigital cinematography.
_2BUEsh
651 _2BUEsh
653 _bCOMAME
_cJune2015
655 _vReading book
942 _2ddc
_k778.53 BRO
_cBB
999 _c19827
_d19799